Encyclopedia of human resource development : leadingl HR :

Bibliographic Details
Main Author: Morton, Clive
Other Authors: Newall, Sparkes
Format: Book
Published: Mumbai, India: Jaico Publishing House, 2004.
Subjects:
LEADER 00728cam a2200217 7i4500
001 0000023418
005 20151104090000.0
005 ##20151104125600.0
003 ##MY-KlINT
020 # # |a 8179921387  
039 # 9 |y 201511041256  |z VLOAD 
090 0 0 |a E(R) 658.3003   |b ENC 
100 1 # |a Morton, Clive 
245 1 0 |a Encyclopedia of human resource development :   |b leadingl HR :   |b leadingl HR :   |b vol. 7 /   |c Clive Morton, Andrew Newall, Jon Sparkes. 
260 # # |a Mumbai, India:   |b Jaico Publishing House,   |c 2004. 
300 # # |a 195 p:   |b ill;   |c 25cm. 
500 # # |a Set of 9 volumes 
650 # 0 |a International business enterprises --   |x Personnel management  
650 # 0 |a Personnel management  
700 0 # |a Newall,   |h Andrew  
700 0 # |a Sparkes,   |h Jon